[Event "ICC-ch blitz fin"]
[Site "ICC INT"]
[Date "2002.08.17"]
[Round "1.2"]
[White "Najdoski, Toni"]
[Black "El Ghazali, Youssef M"]
[Result "1-0"]
[WhiteElo "2598"]
[BlackElo "2323"]
[PlyCount "47"]
[EventDate "2002.08.17"]
[EventType "k.o. (blitz)"]
[EventRounds "6"]
[EventCountry "USA"]
[SourceTitle "EXT 2003"]
[Source "ChessBase"]
[SourceDate "2002.11.25"]
[SourceVersion "1"]
[SourceVersionDate "2002.11.25"]
[SourceQuality "1"]

1. e4 c5 2. Nf3 d6 3. d4 cxd4 4. Nxd4 Nf6 5. Nc3 Nc6 6. f3 e6 7. Be3 Be7 8. Qd2 d5 9. Bb5 Bd7 10. exd5 exd5 11. 0-0-0 0-0 12. Nb3 a6 13. Bxc6 bxc6 14. h4 a5 15. Nc5 a4 16. a3 Ra5 17. Nb7 Qa8 18. Nxa5 Qxa5 19. h5 Rb8 20. h6 g6 21. Qd4 c5 22. Qe5 Qb6 23. Nxd5 Nxd5 24. Qg7# 1-0

[Event "Goodricke op 11th"]
[Site "Kolkata"]
[Date "2000.02.12"]
[Round "7"]
[White "Babu, N Sudhakar"]
[Black "Najdoski, Toni"]
[Result "1/2-1/2"]
[WhiteElo "2336"]
[BlackElo "2548"]
[PlyCount "79"]
[EventDate "2000.02.05"]
[EventType "swiss"]
[EventRounds "11"]
[EventCountry "IND"]
[SourceTitle "CBM 074 Extra"]
[Source "ChessBase"]
[SourceDate "2000.03.10"]
[SourceVersion "2"]
[SourceVersionDate "2000.03.10"]
[SourceQuality "1"]

1. d4 Nf6 2. c4 g6 3. Nc3 d5 4. cxd5 Nxd5 5. e4 Nxc3 6. bxc3 Bg7 7. Be3 c5 8. Qd2 Nc6 9. Rd1 Qa5 10. Bc4 0-0 11. Ne2 cxd4 12. cxd4 Qxd2+ 13. Rxd2 Na5 14. Bd3 Bd7 15. Rb2 b6 16. Kd2 Rac8 17. Rc1 Rxc1 18. Kxc1 Rc8+ 19. Rc2 Rxc2+ 20. Kxc2 Nc6 21. Kc3 Kf8 22. Bc4 Ke8 23. Bc1 e6 24. Ba3 Bf8 25. Bxf8 Kxf8 26. a3 Ke8 27. f3 Ke7 28. Nf4 g5 29. Ne2 f6 30. f4 h6 31. g3 Nd8 32. d5 e5 33. fxe5 fxe5 34. Nc1 Nb7 35. Nd3 Kf6 36. Nf2 Nd6 37. Be2 Bc8 38. Bg4 Ba6 39. Bf3 Bc8 40. Bg4 1/2-1/2

[Event "EU-Cup 15th Gr6"]
[Site "Budapest"]
[Date "1999.10.11"]
[Round "1"]
[White "Tukmakov, Vladimir B"]
[Black "Najdoski, Toni"]
[Result "1-0"]
[WhiteElo "2557"]
[BlackElo "2576"]
[PlyCount "59"]
[EventDate "1999.10.11"]
[EventType "team-k.o."]
[EventRounds "3"]
[EventCountry "HUN"]
[SourceTitle "EXT 2020"]
[Source "ChessBase"]
[SourceDate "2019.10.17"]
[SourceVersion "1"]
[SourceVersionDate "2019.10.17"]
[SourceQuality "1"]
[WhiteTeam "Mravince Dalmacijacement"]
[BlackTeam "Struga Stefo Balto"]
[WhiteTeamCountry "CRO"]
[BlackTeamCountry "MKD"]

1. Nf3 Nf6 2. c4 g6 3. Nc3 d5 4. Qa4+ c6 5. cxd5 Nxd5 6. Qd4 f6 7. e4 Nc7 8. Qxd8+ Kxd8 9. d4 Be6 10. Be3 h5 11. d5 cxd5 12. 0-0-0 Bh6 13. Bxh6 Rxh6 14. Nd4 Bf7 15. exd5 Nd7 16. Bc4 Rc8 17. Ne6+ Ke8 18. Rhe1 Ne5 19. Bb3 Bxe6 20. dxe6 g5 21. Kb1 Rd8 22. Ne4 Rxd1+ 23. Rxd1 Rh8 24. Nc5 Kf8 25. Nd7+ Kg7 26. Nxe5 fxe5 27. Rd7 Rc8 28. Rxe7+ Kf6 29. Rf7+ Kg6 30. Bc2+ 1-0

[Event "Moscow VDFSO"]
[Site "Moscow"]
[Date "1992.??.??"]
[Round "?"]
[White "Gorbatov, Alexej"]
[Black "Najdoski, Toni"]
[Result "1-0"]
[WhiteElo "2380"]
[BlackElo "2210"]
[PlyCount "120"]
[EventDate "1992.??.??"]
[EventType "tourn"]
[EventRounds "15"]
[EventCountry "RUS"]
[EventCategory "5"]
[SourceTitle "CBM 029 Extra"]
[Source "ChessBase"]
[SourceDate "1992.09.01"]
[SourceVersion "1"]
[SourceVersionDate "1992.09.01"]
[SourceQuality "1"]

1. c4 Nf6 2. g3 c6 3. Nf3 d5 4. Bg2 Bf5 5. b3 dxc4 6. bxc4 e5 7. Bb2 e4 8. Nd4 Bg6 9. 0-0 Bd6 10. Qb3 Qc7 11. f4 exf3 12. Nxf3 Nbd7 13. d4 0-0 14. c5 Be7 15. Nbd2 b6 16. cxb6 axb6 17. Nh4 b5 18. Nxg6 hxg6 19. Rac1 Qa5 20. Qc2 Qxa2 21. Nb3 Ba3 22. Bxa3 Rxa3 23. Qxa2 Rxa2 24. Bf3 Ra3 25. Rb1 Nb8 26. Rfc1 Ra2 27. Ra1 Rb2 28. Na5 Rd2 29. Rd1 Rc2 30. Rac1 Rxc1 31. Rxc1 Rd8 32. e3 Rd6 33. Kf2 Kf8 34. Ke2 Ke7 35. Nxc6+ Nxc6 36. Bxc6 b4 37. Kd3 Nd7 38. Bb5 Rb6 39. Kc4 b3 40. Rb1 Re6 41. Rxb3 Nf6 42. d5 Re5 43. Bc6 Kd6 44. Rb7 Re7 45. Rxe7 Kxe7 46. Kd4 Kd6 47. h3 Nh5 48. g4 Ng3 49. Bb5 Nh1 50. e4 Nf2 51. e5+ Ke7 52. d6+ Kd8 53. Bf1 Nd1 54. Bc4 Ke8 55. Kc5 Nc3 56. Kc6 Kd8 57. Bxf7 Ne2 58. e6 Nd4+ 59. Kd5 Nxe6 60. Kxe6 g5 1-0

[Event "Moscow VDFSO"]
[Site "Moscow"]
[Date "1992.??.??"]
[Round "?"]
[White "Najdoski, Toni"]
[Black "Gavrilov, Alexei"]
[Result "0-1"]
[WhiteElo "2210"]
[BlackElo "2360"]
[PlyCount "128"]
[EventDate "1992.??.??"]
[EventType "tourn"]
[EventRounds "15"]
[EventCountry "RUS"]
[EventCategory "5"]
[SourceTitle "CBM 029 Extra"]
[Source "ChessBase"]
[SourceDate "1992.09.01"]
[SourceVersion "1"]
[SourceVersionDate "1992.09.01"]
[SourceQuality "1"]

1. e4 e5 2. Nf3 Nc6 3. Bb5 a6 4. Ba4 Nf6 5. 0-0 Be7 6. d4 exd4 7. e5 Ne4 8. Nxd4 0-0 9. Nf5 d5 10. Bxc6 bxc6 11. Nxe7+ Qxe7 12. Re1 Re8 13. f3 Nc5 14. Bf4 Ne6 15. Bg3 a5 16. Nd2 c5 17. c3 Ba6 18. f4 f5 19. exf6 Qxf6 20. Nf3 Bb7 21. Qd2 d4 22. Ne5 Qf5 23. Re2 Rad8 24. Rae1 g6 25. Rf2 Ng7 26. cxd4 cxd4 27. Qxa5 Ne6 28. Bh4 Rd5 29. Qb4 Nc5 30. g4 Qe6 31. f5 Qd6 32. Nc4 Qd7 33. Rxe8+ Qxe8 34. Qd2 Ne4 35. Re2 gxf5 36. gxf5 c5 37. Rg2+ Kh8 38. Qh6 Qf7 39. Qb6 Rxf5 40. Qd8+ Qf8 41. Qxf8+ Rxf8 42. a4 d3 43. Nd2 c4 44. Be7 Re8 45. Bb4 Nf6 46. Rf2 Nd5 47. Rf8+ Rxf8 48. Bxf8 Ba6 49. Bc5 Kg7 50. Kf2 Kf6 51. Nf3 Kf5 52. Bd4 Ke4 53. Bg7 Nb6 54. Ng5+ Kf5 55. Nxh7 Nxa4 56. Bc3 Nxb2 57. Ke3 Nd1+ 58. Kd4 Nf2 59. h4 Ne4 60. Ng5 d2 61. Bxd2 Nxd2 62. Nf7 Nf3+ 63. Kc3 Ke6 64. Nd8+ Kd7 0-1

[Event "Moscow VDFSO"]
[Site "Moscow"]
[Date "1992.??.??"]
[Round "?"]
[White "Najdoski, Toni"]
[Black "Korsunsky, Yuri"]
[Result "0-1"]
[WhiteElo "2210"]
[BlackElo "2460"]
[PlyCount "69"]
[EventDate "1992.??.??"]
[EventType "tourn"]
[EventRounds "15"]
[EventCountry "RUS"]
[EventCategory "5"]
[SourceTitle "CBM 029 Extra"]
[Source "ChessBase"]
[SourceDate "1992.09.01"]
[SourceVersion "1"]
[SourceVersionDate "1992.09.01"]
[SourceQuality "1"]

1. e4 d6 2. d4 Nf6 3. Nc3 g6 4. f4 Bg7 5. Nf3 c5 6. dxc5 Qa5 7. Bd3 Qxc5 8. Qe2 0-0 9. Be3 Qa5 10. 0-0 Bg4 11. h3 Bxf3 12. Qxf3 Nc6 13. a3 Nd7 14. Nd1 Nc5 15. Qe2 Nxd3 16. Qxd3 Rac8 17. Rc1 f5 18. Qb3+ Kh8 19. exf5 Nd4 20. Bxd4 Bxd4+ 21. Kh1 gxf5 22. Qxb7 Qd2 23. Nc3 Rb8 24. Qxe7 Rg8 25. Ne2 Rbe8 26. Rfd1 Qxc1 27. Rxc1 Rxe7 28. Nxd4 Re4 29. Nxf5 Rxf4 30. Nxd6 Rf2 31. g4 h5 32. c4 hxg4 33. h4 Rxb2 34. c5 Rgb8 35. Rc4 0-1

[Event "Goldberg Memorial"]
[Site "Moscow"]
[Date "1990.??.??"]
[Round "3"]
[White "Najdoski, Toni"]
[Black "Kremenietsky, Anatoly M"]
[Result "0-1"]
[WhiteElo "2210"]
[BlackElo "2390"]
[PlyCount "64"]
[EventDate "1990.??.??"]
[EventType "tourn"]
[EventRounds "14"]
[EventCountry "URS"]
[EventCategory "5"]
[SourceTitle "EXT 2000"]
[Source "ChessBase"]
[SourceDate "1999.11.16"]
[SourceVersion "1"]
[SourceVersionDate "1999.11.16"]
[SourceQuality "1"]

1. e4 c5 2. Nf3 d6 3. d4 cxd4 4. Nxd4 Nf6 5. Nc3 e6 6. Bc4 a6 7. Bb3 Nbd7 8. 0-0 Nc5 9. Re1 b5 10. Bg5 h6 11. Bd5 hxg5 12. Bxa8 Bd7 13. Bc6 Bxc6 14. Nxc6 Qc7 15. Nb4 d5 16. g3 dxe4 17. a4 bxa4 18. Nxa4 Ncd7 19. Nxa6 Qb7 20. Qe2 Ne5 21. N4c5 Qc6 22. Nxe4 Nfg4 23. h4 gxh4 24. f4 f5 25. fxe5 Nxe5 26. Ng5 hxg3 27. Qg2 Bc5+ 28. Nxc5 Qxc5+ 29. Kf1 Rh1+ 30. Ke2 Qxc2+ 31. Ke3 Rxe1+ 32. Rxe1 Qd3+ 0-1